000 00767nam a2200181Ia 4500
008 090123s9999 xx 000 0 und d
082 _b36711
100 _aगोवंडे श्रीकांत
245 _aश्री गोंदवलेकर महाराजांच्या गोष्टी
250 _a0
260 _bधार्मिक प्रकाशन
300 _a39
600 _aगोवंडे श्रीकांत
630 _aश्री गोंदवलेकर महाराजांच्या गोष्टी
700 _aगोवंडे श्रीकांत
730 _aश्री गोंदवलेकर महाराजांच्या गोष्टी
942 _cBOOK
999 _c74777
_d74777